| 000 | 00492 a2200157 4500 | ||
|---|---|---|---|
| 999 |
_c6340 _d6340 |
||
| 020 | _a8124107114 | ||
| 050 | _aTK5101 NAR 2001 | ||
| 100 |
_aNarula, Uma _eauthor |
||
| 245 |
_aMass communication technology : _bnew perspectives _cUma Narula |
||
| 264 |
_aNew Delhi : _bHar-Anand Publications, _c2001. |
||
| 300 |
_a99p. : _bill. |
||
| 500 | _aIncludes bibliographical references and index | ||
| 650 | _aTelecommunication | ||
| 650 | _aCommunication and traffic | ||
| 942 |
_2lcc _cBK _h5101 _iNAR _kTK |
||